01009cam a22002531 450000100100000000500170001000800410002704000230006804200120009108200170010310000410012024500860016126000850024730000360033249000240036849000340039265000260042665000300045270000420048283000620052491000340058695201200062099900150074000000578520200929151802.0790124s1966 uy a 000 1 spa  aDO-SdBNPcNbUdDLC apremarc aU863.3bZ39c1 aZavala Muniz, Justino,d1898-91636810aCrónica de un crimen /cJustino Zavala Muniz; prólogo de Arturo Sergio Visca. aMontevideo :bMinisterio de Instrucción Pública y Previsión Social,c1966. axlviii, 276 p. :bil. ;c20 cm.1 aBiblioteca Artigas.1 aClásicos uruguayos,vv. 107 4aNovela uruguaya95679 4aLiteratura uruguaya930541 aVisca, Arturo Sergio,epról.916277 0aBiblioteca Artigas.pClásicos uruguayos,vv. 107916276 aCatalogación por copia / LC 001052708MOaGRbGRcCTd2009-08-22iLF1l0oU863.3 Z39cp5785-10r2020-06-25w2020-06-25y2ZPréstamo interno c5581d5581